000 00526 a2200169 4500
999 _c4905
_d4905
010 _aENG-86656
020 _c295.00
_a8189884026
035 _aEN-70189
037 _bDBAD / PUB
082 1 4 _aS
245 1 _aBodymaps :
_cedited by Radha Chakravarty
_bstories by South Asian women /
260 _aNew Delhi
_bZubaan
_c2007
270 _aK-92, Fierst Floor, Hauz Khas Enclave,
_bNew Delhi
_e110 016
_mzubaanwbooks@vsnl.net
300 _axxx, 186 p
_c22 cm (Pbk)
700 1 _aChakaravarty, Radha
942 _adpl
_cEN
_2ddc
_hS
_mBOD